[Event "EU-ch Blitz"]
[Site "Zagreb"]
[Date "2023.12.16"]
[Round "2"]
[White "Koch, Markus"]
[Black "Samunenkov, Igor"]
[Result "0-1"]
[WhiteElo "2090"]
[BlackElo "2530"]
[PlyCount "52"]
[EventDate "2023.12.16"]
[EventType "swiss (blitz)"]
[EventRounds "13"]
[EventCountry "CRO"]
[SourceTitle "CB51_2023"]
[SourceDate "2023.12.20"]
[SourceVersion "1"]
[SourceVersionDate "2023.12.20"]
[SourceQuality "1"]

1. Nf3 d5 2. c4 e6 3. g3 Nf6 4. Bg2 Be7 5. 0-0 0-0 6. b3 d4 7. e3 c5 8. exd4 cxd4 9. Re1 Nc6 10. d3 Bb4 11. Re2 a5 12. Ba3 Bxa3 13. Nxa3 e5 14. Nb5 Re8 15. a3 Bf5 16. Qd2 e4 17. Nh4 Bg4 18. Ree1 exd3 19. Qxd3 Qd7 20. b4 axb4 21. Rxe8+ Rxe8 22. axb4 Be2 23. Qf5 Qd8 24. Bf1 d3 25. Nf3 g6 26. Qf4 Nh5 0-1

[Event "Mittelfrank Regionalliga Nord-West 2223"]
[Site "Mittelfranken"]
[Date "2022.10.23"]
[Round "2.2"]
[White "Bardorz, Jana"]
[Black "Koch, Markus"]
[Result "0-1"]
[WhiteElo "2091"]
[BlackElo "2156"]
[PlyCount "84"]
[EventDate "2022.10.09"]
[EventType "team-tourn"]
[EventRounds "9"]
[EventCountry "GER"]
[SourceTitle "EXT 2024"]
[Source "ChessBase"]
[SourceDate "2023.10.10"]
[SourceVersion "1"]
[SourceVersionDate "2023.10.10"]
[SourceQuality "1"]
[WhiteTeam "Rottendorf"]
[BlackTeam "Klingenberg"]
[WhiteTeamCountry "GER"]
[BlackTeamCountry "GER"]

1. e4 c5 2. Nf3 Nc6 3. d4 cxd4 4. Nxd4 e5 5. Nb5 d6 6. c4 Be6 7. Be2 a6 8. N5c3 Nf6 9. Be3 g6 10. 0-0 Bg7 11. Nd5 Bxd5 12. cxd5 Nd4 13. Nc3 0-0 14. Bxd4 exd4 15. Qxd4 Re8 16. Qb4 b5 17. Bf3 Rb8 18. Rfe1 a5 19. Qb3 Qb6 20. a4 b4 21. Nb5 Nd7 22. Rac1 Nc5 23. Qc2 b3 24. Qc4 Bxb2 25. Rb1 Bg7 26. Bd1 b2 27. Kh1 f5 28. Bc2 fxe4 29. Bxe4 Nxa4 30. Nxd6 Qxd6 31. Qxa4 Qb4 32. Qxb4 Rxb4 33. f3 Rd8 34. Rbd1 Kf8 35. Kg1 a4 36. Bb1 Rd4 37. Ba2 Rxd1 38. Rxd1 Rc8 39. Kf1 Rc1 40. Ke2 Ra1 41. Bb1 Rxb1 42. Rxb1 a3 0-1

[Event "Mittelfrank Regionalliga Nord-West 2223"]
[Site "Mittelfranken"]
[Date "2022.10.09"]
[Round "1.3"]
[White "Kirschneck, Toralf"]
[Black "Koch, Markus"]
[Result "1/2-1/2"]
[WhiteElo "2121"]
[BlackElo "2156"]
[PlyCount "75"]
[EventDate "2022.10.09"]
[EventType "team-tourn"]
[EventRounds "9"]
[EventCountry "GER"]
[SourceTitle "EXT 2024"]
[Source "ChessBase"]
[SourceDate "2023.10.10"]
[SourceVersion "1"]
[SourceVersionDate "2023.10.10"]
[SourceQuality "1"]
[WhiteTeam "Marktleuthen"]
[BlackTeam "Klingenberg"]
[WhiteTeamCountry "GER"]
[BlackTeamCountry "GER"]

1. d4 c5 2. e3 Nf6 3. c4 e6 4. Nf3 a6 5. Nc3 d5 6. dxc5 Bxc5 7. a3 0-0 8. b4 Be7 9. Bb2 dxc4 10. Bxc4 b5 11. Be2 Bb7 12. 0-0 Nbd7 13. Qb3 Qb6 14. Rfd1 Rac8 15. Rd2 Rfd8 16. Rc1 Nd5 17. Nxd5 Rxc1+ 18. Bxc1 Bxd5 19. Qd1 Nf6 20. Bb2 Ne4 21. Bd4 Qb8 22. Rb2 f6 23. Qc1 e5 24. Bc5 Rc8 25. Nd2 Nxc5 26. Rc2 Qb6 27. a4 Rc7 28. bxc5 Rxc5 29. axb5 axb5 30. Bf3 Be6 31. Bd1 Rd5 32. Rc6 Rc5 33. Rxc5 Qxc5 34. Qb1 Qc3 35. Bb3 Bc4 36. Nxc4 bxc4 37. Ba2 g6 38. Qf1 1/2-1/2

[Event "GER-ch Net blitz qual4"]
[Site "Playchess.com INT"]
[Date "2020.03.23"]
[Round "6"]
[White "Koch, Markus"]
[Black "Baltic, Fatih"]
[Result "0-1"]
[WhiteElo "2128"]
[BlackElo "2262"]
[PlyCount "60"]
[EventDate "2020.03.23"]
[EventType "swiss (blitz)"]
[EventRounds "9"]
[EventCountry "GER"]
[SourceTitle "CBM 195 Extra"]
[Source "ChessBase"]
[SourceDate "2020.05.31"]
[SourceVersion "1"]
[SourceVersionDate "2020.05.31"]
[SourceQuality "1"]

1. Nf3 Nf6 2. c4 g6 3. b4 Bg7 4. Bb2 0-0 5. g3 b6 6. Bg2 Bb7 7. 0-0 d6 8. d4 Nbd7 9. Nc3 c5 10. bxc5 bxc5 11. d5 Nb6 12. Nd2 Ba6 13. Qc2 Nxc4 14. Nxc4 Bxc4 15. Rfd1 Rb8 16. Rab1 Qa5 17. Ba1 Ba6 18. e4 Nd7 19. Ne2 Rxb1 20. Rxb1 Bxa1 21. Rxa1 Bxe2 22. Qxe2 Rb8 23. Rc1 Qa3 24. Rc2 Rb1+ 25. Bf1 Ne5 26. Kg2 h5 27. h3 h4 28. gxh4 c4 29. f4 Nd3 30. Qg4 Ne1+ 0-1

[Event "Hessenliga 1921"]
[Site "Hessen"]
[Date "2020.03.08"]
[Round "7.3"]
[White "Rutkowski, Ingo"]
[Black "Koch, Markus"]
[Result "0-1"]
[WhiteElo "2157"]
[BlackElo "2128"]
[PlyCount "60"]
[EventDate "2019.09.22"]
[EventType "team-tourn"]
[EventRounds "9"]
[EventCountry "GER"]
[SourceTitle "EXT 2024"]
[Source "ChessBase"]
[SourceDate "2023.10.10"]
[SourceVersion "1"]
[SourceVersionDate "2023.10.10"]
[SourceQuality "1"]
[WhiteTeam "Frankfurt TV"]
[BlackTeam "Frankfurt Bvk"]
[WhiteTeamCountry "GER"]
[BlackTeamCountry "GER"]

1. e4 c5 2. Nf3 d6 3. d4 cxd4 4. Nxd4 Nf6 5. Nc3 a6 6. Be2 e5 7. Nb3 Be7 8. Be3 Be6 9. 0-0 0-0 10. f4 exf4 11. Rxf4 Nc6 12. Nd5 Bxd5 13. exd5 Ne5 14. Rb4 Qc7 15. a4 Rfe8 16. a5 Rac8 17. c3 Nfd7 18. Nd4 g6 19. Kh1 Bf6 20. Qd2 Re7 21. Bg5 Rce8 22. h3 Qc5 23. Nf5 gxf5 24. Bxf6 Nxf6 25. Qg5+ Ng6 26. Qxf6 Rxe2 27. Rxb7 Re1+ 28. Rxe1 Rxe1+ 29. Kh2 Qg1+ 30. Kg3 Re3# 0-1

[Event "Frankfurt-chA"]
[Site "Frankfurt"]
[Date "2019.06.03"]
[Round "6"]
[White "Schmidt, Markus"]
[Black "Koch, Markus"]
[Result "0-1"]
[WhiteElo "2015"]
[BlackElo "2089"]
[PlyCount "52"]
[EventDate "2019.04.29"]
[EventType "swiss"]
[EventRounds "7"]
[EventCountry "GER"]
[SourceTitle "EXT 2020"]
[Source "ChessBase"]
[SourceDate "2019.10.17"]
[SourceVersion "1"]
[SourceVersionDate "2019.10.17"]
[SourceQuality "1"]

1. c4 e5 2. g3 c6 3. Nf3 e4 4. Nd4 Qb6 5. Nc2 Nf6 6. Nc3 d5 7. cxd5 cxd5 8. d4 Nc6 9. Bg2 Be6 10. 0-0 Be7 11. a3 a5 12. Bg5 h6 13. Bxf6 Bxf6 14. Na4 Qb5 15. Nc5 Nxd4 16. Nxd4 Qxc5 17. Nxe6 fxe6 18. Rc1 Qd6 19. Bxe4 0-0 20. Bc2 Qa6 21. Rb1 Rac8 22. Bd3 Qb6 23. b4 Rc7 24. Qa4 Bd4 25. Qxa5 Rxf2 26. Qa8+ Rf8+ 0-1

[Event "Hessenliga 1819"]
[Site "Hessen"]
[Date "2019.02.17"]
[Round "6.3"]
[White "Koch, Markus"]
[Black "Dovzik, Juri"]
[Result "1/2-1/2"]
[WhiteElo "2128"]
[BlackElo "2279"]
[PlyCount "55"]
[EventDate "2018.09.23"]
[EventType "team-tourn"]
[EventRounds "9"]
[EventCountry "GER"]
[SourceTitle "EXT 2020"]
[Source "ChessBase"]
[SourceDate "2019.10.17"]
[SourceVersion "1"]
[SourceVersionDate "2019.10.17"]
[SourceQuality "1"]
[WhiteTeam "Frankfurt BvK"]
[BlackTeam "Bad Emstal/Wolfhagen"]
[WhiteTeamCountry "GER"]
[BlackTeamCountry "GER"]

1. Nf3 d5 2. c4 c6 3. g3 Nf6 4. Bg2 Bf5 5. b3 e6 6. 0-0 Be7 7. Bb2 0-0 8. d3 h6 9. Nbd2 a5 10. a3 Nbd7 11. Ra2 Bh7 12. Qa1 Ne8 13. Ne5 Nxe5 14. Bxe5 Bf6 15. Nf3 Bxe5 16. Nxe5 Nd6 17. Rc1 Qe7 18. b4 f6 19. Nf3 dxc4 20. dxc4 Ne4 21. b5 Rfd8 22. bxc6 bxc6 23. Nd4 Rac8 24. Bh3 Ng5 25. Bg2 Ne4 26. Bh3 Ng5 27. Bg2 Ne4 28. Bh3 1/2-1/2

[Event "Hessenliga 1819"]
[Site "Hessen"]
[Date "2018.12.09"]
[Round "4.3"]
[White "Koch, Markus"]
[Black "Meiser, Markus"]
[Result "1/2-1/2"]
[WhiteElo "2128"]
[BlackElo "2136"]
[PlyCount "149"]
[EventDate "2018.09.23"]
[EventType "team-tourn"]
[EventRounds "9"]
[EventCountry "GER"]
[SourceTitle "EXT 2020"]
[Source "ChessBase"]
[SourceDate "2019.10.17"]
[SourceVersion "1"]
[SourceVersionDate "2019.10.17"]
[SourceQuality "1"]
[WhiteTeam "Frankfurt BvK"]
[BlackTeam "Bensheim"]
[WhiteTeamCountry "GER"]
[BlackTeamCountry "GER"]

1. d4 Nf6 2. c4 g6 3. f3 d5 4. cxd5 Nxd5 5. e4 Nb6 6. Nc3 Bg7 7. Be3 c6 8. Qd2 e5 9. d5 cxd5 10. exd5 0-0 11. h4 e4 12. fxe4 Re8 13. Bd4 Bxd4 14. Qxd4 Nc6 15. Qd2 Ne5 16. Nf3 Qf6 17. Nxe5 Qxe5 18. Bb5 Bd7 19. Bxd7 Qg3+ 20. Qf2 Qxf2+ 21. Kxf2 Nxd7 22. Rhe1 Rac8 23. Rad1 Rc4 24. Re2 h5 25. d6 f6 26. Nd5 Rexe4 27. Rxe4 Rxe4 28. Nxf6+ Nxf6 29. d7 Nxd7 30. Rxd7 Rb4 31. b3 a5 32. Ke3 Rxh4 33. Rxb7 a4 34. b4 a3 35. Kd3 Rg4 36. Kc3 Rg3+ 37. Kc4 Rxg2 38. Kb3 h4 39. b5 Rg3+ 40. Ka4 h3 41. b6 h2 42. Rb8+ Kh7 43. Rb7+ Kh6 44. Rb8 Kg5 45. Rh8 Rg4+ 46. Kxa3 Rh4 47. Rxh4 Kxh4 48. b7 h1Q 49. b8Q Qc1+ 50. Qb2 Qe3+ 51. Qb3 Qf4 52. Kb2 g5 53. Qc3 g4 54. Qh8+ Kg3 55. Qc3+ Kg2 56. Qc2+ Kf1 57. Qd1+ Kf2 58. Qc2+ Kg1 59. Qd1+ Kg2 60. Qc2+ Kf3 61. Qd3+ Qe3 62. Qf5+ Kg3 63. Qc2 Qe5+ 64. Kb1 Qd4 65. a4 Kf4 66. Qc7+ Kf3 67. Qf7+ Ke2 68. Qa2+ Ke3 69. Qh2 Qb4+ 70. Kc1 Qa3+ 71. Kb1 Qb3+ 72. Kc1 Qxa4 73. Qg3+ Ke2 74. Qg2+ Ke3 75. Qg3+ 1/2-1/2

[Event "Hessenliga 1819"]
[Site "Hessen"]
[Date "2018.11.04"]
[Round "2.2"]
[White "Koch, Markus"]
[Black "Kaliski, Erwin"]
[Result "1/2-1/2"]
[WhiteElo "2128"]
[BlackElo "2266"]
[PlyCount "40"]
[EventDate "2018.09.23"]
[EventType "team-tourn"]
[EventRounds "9"]
[EventCountry "GER"]
[SourceTitle "EXT 2020"]
[Source "ChessBase"]
[SourceDate "2019.10.17"]
[SourceVersion "1"]
[SourceVersionDate "2019.10.17"]
[SourceQuality "1"]
[WhiteTeam "Frankfurt BvK"]
[BlackTeam "Bad Nauheim"]
[WhiteTeamCountry "GER"]
[BlackTeamCountry "GER"]

1. Nf3 d5 2. c4 d4 3. b4 c5 4. Bb2 Nf6 5. e3 dxe3 6. fxe3 cxb4 7. d4 e6 8. Bd3 Be7 9. 0-0 0-0 10. Nbd2 Nbd7 11. Qe2 Qc7 12. e4 e5 13. Nxe5 Nxe5 14. dxe5 Nd7 15. e6 Qb6+ 16. Kh1 Qxe6 17. e5 Nc5 18. Bc2 Qg4 19. Rf3 Qh5 20. Rh3 Qxe2 1/2-1/2

[Event "Wiesbaden op 30th"]
[Site "Wiesbaden"]
[Date "2018.08.25"]
[Round "4"]
[White "Koch, Markus"]
[Black "Eveleens, Wim"]
[Result "0-1"]
[WhiteElo "2122"]
[BlackElo "1997"]
[PlyCount "128"]
[EventDate "2018.08.23"]
[EventType "swiss"]
[EventRounds "7"]
[EventCountry "GER"]
[SourceTitle "CBM 186 Extra"]
[Source "ChessBase"]
[SourceDate "2018.08.24"]
[SourceVersion "1"]
[SourceVersionDate "2018.08.24"]
[SourceQuality "1"]

1. d4 e6 2. c4 f5 3. e3 Nf6 4. Nc3 d5 5. Bd3 c6 6. Nge2 Bd6 7. 0-0 0-0 8. f3 Nbd7 9. Bd2 dxc4 10. Bxc4 Nb6 11. Bb3 Kh8 12. a4 Qe7 13. Qe1 Bd7 14. Qh4 Nfd5 15. Qxe7 Bxe7 16. a5 Nxc3 17. bxc3 Nd5 18. Rfb1 Nc7 19. e4 b5 20. Bf4 Rac8 21. Be5 Bf6 22. Bd6 Rfe8 23. c4 fxe4 24. fxe4 e5 25. Bxc7 Rxc7 26. d5 cxd5 27. cxd5 Bg4 28. Rc1 Rec8 29. Rxc7 Rxc7 30. Bd1 a6 31. h3 Bxe2 32. Bxe2 Bd8 33. Rf1 Be7 34. Rd1 Bd6 35. Bg4 g6 36. Be6 Kg7 37. h4 h5 38. g4 hxg4 39. Bxg4 Rc4 40. Ra1 Rxe4 41. Bc8 Rxh4 42. Bxa6 Ra4 43. Rc1 Rxa5 44. Rc6 Bf8 45. d6 Ra1+ 46. Kf2 Rd1 47. Rc7+ Kf6 48. d7 b4 49. Ke2 Rd4 50. Bd3 g5 51. Rc8 Be7 52. Rc6+ Kg7 53. Bf5 Bf6 54. Rc8 g4 55. Be6 Be7 56. Rg8+ Kf6 57. Bb3 Rxd7 58. Rxg4 Rc7 59. Rc4 Rxc4 60. Bxc4 Kf5 61. Kd2 Ke4 62. Kc2 Ke3 63. Kb3 Kd2 64. Ba6 e4 0-1

[Event "Wiesbaden op 30th"]
[Site "Wiesbaden"]
[Date "2018.08.25"]
[Round "5"]
[White "Modric, Vladimir"]
[Black "Koch, Markus"]
[Result "0-1"]
[WhiteElo "1867"]
[BlackElo "2122"]
[PlyCount "56"]
[EventDate "2018.08.23"]
[EventType "swiss"]
[EventRounds "7"]
[EventCountry "GER"]
[SourceTitle "CBM 186 Extra"]
[Source "ChessBase"]
[SourceDate "2018.08.24"]
[SourceVersion "1"]
[SourceVersionDate "2018.08.24"]
[SourceQuality "1"]

1. c4 e5 2. g3 c6 3. Bg2 d5 4. cxd5 cxd5 5. d3 Nf6 6. Nf3 Nc6 7. 0-0 h6 8. b3 Bd6 9. Bb2 0-0 10. Nbd2 Re8 11. Rc1 Bg4 12. h3 Bf5 13. a3 Bh7 14. b4 e4 15. dxe4 dxe4 16. Nd4 e3 17. Nxc6 bxc6 18. Nc4 exf2+ 19. Rxf2 Bxg3 20. Rf3 Qc7 21. Qd4 Rad8 22. Qc3 Bh4 23. Rcf1 Rxe2 24. Ne3 Rd3 25. Qc4 Rxb2 26. Qxh4 Qb6 27. Kh1 Rxe3 28. Rxf6 Rxg2 0-1

[Event "Frankfurt-chA"]
[Site "Frankfurt"]
[Date "2018.06.18"]
[Round "7"]
[White "Koch, Markus"]
[Black "Schreiner, Roland"]
[Result "1-0"]
[WhiteElo "2039"]
[BlackElo "1968"]
[PlyCount "53"]
[EventDate "2018.04.30"]
[EventType "swiss"]
[EventRounds "7"]
[EventCountry "GER"]
[SourceTitle "EXT 2019"]
[Source "ChessBase"]
[SourceDate "2018.10.10"]
[SourceVersion "1"]
[SourceVersionDate "2018.10.10"]
[SourceQuality "1"]

1. d4 d5 2. c4 c6 3. Nf3 Nf6 4. Nc3 a6 5. Bf4 dxc4 6. a4 Nd5 7. Bg3 Nxc3 8. bxc3 b5 9. e4 Bb7 10. Be2 e6 11. 0-0 Bd6 12. Qb1 Bxg3 13. fxg3 Qc7 14. Ng5 0-0 15. e5 g6 16. Ne4 Nd7 17. Qc1 Kg7 18. Rf4 h6 19. Rh4 Rh8 20. Qf4 c5 21. Rf1 Raf8 22. Nd6 Nb6 23. Qf6+ Kg8 24. Rhf4 Rh7 25. Qxg6+ fxg6 26. Rxf8+ Kg7 27. Ne8# 1-0

[Event "Hessenliga 1718"]
[Site "Hessen"]
[Date "2017.11.19"]
[Round "3.2"]
[White "Warnecke, Tobias"]
[Black "Koch, Markus"]
[Result "1-0"]
[WhiteElo "2140"]
[BlackElo "2126"]
[PlyCount "49"]
[EventDate "2017.09.17"]
[EventType "team-tourn"]
[EventRounds "9"]
[EventCountry "GER"]
[SourceTitle "CBM 189 Extra"]
[Source "ChessBase"]
[SourceDate "2019.06.03"]
[SourceVersion "1"]
[SourceVersionDate "2019.06.03"]
[SourceQuality "1"]
[WhiteTeam "Kassel II"]
[BlackTeam "Frankfurt BvK"]
[WhiteTeamCountry "GER"]
[BlackTeamCountry "GER"]

1. e4 c5 2. Nc3 Nc6 3. Bb5 Nd4 4. Bc4 e6 5. Nge2 Nf6 6. 0-0 a6 7. d3 d5 8. exd5 exd5 9. Nxd5 Nxd5 10. Nxd4 cxd4 11. Qh5 Be7 12. Bxd5 0-0 13. Re1 a5 14. Qf3 Ra6 15. Bc4 Rg6 16. Bf4 Bb4 17. Re5 Bd7 18. Bg3 Qc8 19. Qd5 Bd6 20. Ree1 Bc5 21. Qe5 Bb4 22. Rf1 Bc5 23. a4 b6 24. Qc7 Bc6 25. Bxf7+ 1-0

[Event "Frankfurt-chA"]
[Site "Frankfurt"]
[Date "2017.05.15"]
[Round "4"]
[White "Koch, Markus"]
[Black "Winand, Edgar"]
[Result "0-1"]
[WhiteElo "2066"]
[BlackElo "1872"]
[PlyCount "78"]
[EventDate "2017.04.24"]
[EventType "swiss"]
[EventRounds "7"]
[EventCountry "GER"]
[SourceTitle "EXT 2018"]
[Source "ChessBase"]
[SourceDate "2017.10.13"]
[SourceVersion "1"]
[SourceVersionDate "2017.10.13"]
[SourceQuality "1"]

1. d4 d6 2. c4 g6 3. e4 Bg7 4. Nc3 Nc6 5. Be3 e5 6. Nge2 Bd7 7. Qd2 a6 8. f3 Nf6 9. d5 Na7 10. b4 b6 11. Nc1 Nh5 12. Nd3 0-0 13. c5 f5 14. Be2 fxe4 15. Nxe4 Nf4 16. Nxf4 exf4 17. Bd4 Bxd4 18. Qxd4 Qh4+ 19. Kd2 bxc5 20. bxc5 Bb5 21. a4 Bxe2 22. Kxe2 Nc8 23. g3 Qe7 24. c6 Rf5 25. Rad1 Nb6 26. a5 Nxd5 27. Qc4 Qf7 28. Rxd5 Re8 29. Rhd1 fxg3 30. Qd3 gxh2 31. Kf2 Rxe4 32. Rxd6 Re8 33. Rd7 Qa2+ 34. Kg3 Rg5+ 35. Kf4 Rf5+ 36. Kg3 Rg5+ 37. Kf4 Rf8+ 38. Kxg5 Qg2+ 39. Kh4 Rf4# 0-1

[Event "Oberliga Ost-B 1617"]
[Site "Germany"]
[Date "2017.02.18"]
[Round "6.3"]
[White "Michaelsen, Nils"]
[Black "Koch, Markus"]
[Result "1-0"]
[WhiteElo "2396"]
[BlackElo "2168"]
[PlyCount "79"]
[EventDate "2016.10.16"]
[EventType "team-tourn"]
[EventRounds "11"]
[EventCountry "GER"]
[SourceTitle "EXT 2018"]
[Source "ChessBase"]
[SourceDate "2017.10.13"]
[SourceVersion "1"]
[SourceVersionDate "2017.10.13"]
[SourceQuality "1"]
[WhiteTeam "Oberursel"]
[BlackTeam "Frankfurt BvK"]
[WhiteTeamCountry "GER"]
[BlackTeamCountry "GER"]

1. d4 Nf6 2. c4 e6 3. Nc3 Bb4 4. Qc2 d5 5. a3 Bxc3+ 6. Qxc3 0-0 7. e3 b6 8. Nf3 Ba6 9. b4 c5 10. dxc5 Ne4 11. Qc2 bxc5 12. Bd3 Qc7 13. b5 Bb7 14. 0-0 Nd7 15. Bb2 f5 16. a4 Rae8 17. Rac1 Qd6 18. Ba1 Qe7 19. Ne5 Nef6 20. f3 Nxe5 21. Bxe5 Nd7 22. Ba1 Qg5 23. Qe2 f4 24. exf4 Qxf4 25. a5 d4 26. Rce1 e5 27. Bb2 Qh4 28. Ba3 Qd8 29. a6 Ba8 30. Qc2 g6 31. Be4 Rf7 32. Bc1 Bxe4 33. Rxe4 Rf5 34. Rg4 Kf7 35. Re1 Qf6 36. h4 Qd6 37. Bg5 h5 38. Rge4 Nf8 39. f4 Ne6 40. Rxe5 1-0

[Event "Oberliga Ost-B 1617"]
[Site "Germany"]
[Date "2016.12.04"]
[Round "4.2"]
[White "Koch, Markus"]
[Black "Langheinrich, Ferenc"]
[Result "0-1"]
[WhiteElo "2168"]
[BlackElo "2381"]
[PlyCount "60"]
[EventDate "2016.10.16"]
[EventType "team-tourn"]
[EventRounds "11"]
[EventCountry "GER"]
[SourceTitle "EXT 2018"]
[Source "ChessBase"]
[SourceDate "2017.10.13"]
[SourceVersion "1"]
[SourceVersionDate "2017.10.13"]
[SourceQuality "1"]
[WhiteTeam "Frankfurt BvK"]
[BlackTeam "Erfurt Empor"]
[WhiteTeamCountry "GER"]
[BlackTeamCountry "GER"]

1. d4 d5 2. c4 e6 3. Nc3 Be7 4. cxd5 exd5 5. Bf4 c6 6. e3 Bf5 7. g4 Be6 8. Bd3 Nd7 9. h3 Nb6 10. Nge2 Nc4 11. Qc2 Nf6 12. Ng3 g6 13. 0-0-0 b5 14. e4 Rc8 15. e5 Nd7 16. Nf5 Ndb6 17. h4 gxf5 18. gxf5 c5 19. fxe6 fxe6 20. Bxc4 Nxc4 21. Qe2 cxd4 22. Qh5+ Kd7 23. Rxd4 Kc6 24. Qh6 Qg8 25. Nxd5 Bf8 26. Qf6 Kc5 27. Rhd1 exd5 28. Qa6 Nb6 29. Qxa7 Qg6 30. Rxd5+ Kb4+ 0-1

[Event "Oberliga Ost-B 1617"]
[Site "Germany"]
[Date "2016.11.20"]
[Round "3.3"]
[White "Koch, Markus"]
[Black "Legde, Georg"]
[Result "0-1"]
[WhiteElo "2168"]
[BlackElo "2309"]
[PlyCount "54"]
[EventDate "2016.10.16"]
[EventType "team-tourn"]
[EventRounds "11"]
[EventCountry "GER"]
[SourceTitle "EXT 2018"]
[Source "ChessBase"]
[SourceDate "2017.10.13"]
[SourceVersion "1"]
[SourceVersionDate "2017.10.13"]
[SourceQuality "1"]
[WhiteTeam "Frankfurt BvK"]
[BlackTeam "Moerlenbach Birkenau"]
[WhiteTeamCountry "GER"]
[BlackTeamCountry "GER"]

1. d4 Nf6 2. c4 e6 3. Nc3 Bb4 4. Qc2 0-0 5. a3 Bxc3+ 6. Qxc3 d6 7. Nf3 Nbd7 8. e3 b6 9. b4 Bb7 10. Be2 c5 11. Bb2 Qe7 12. dxc5 bxc5 13. b5 d5 14. a4 Nb6 15. a5 Nxc4 16. Bxc4 dxc4 17. Ne5 Ne4 18. Qxc4 Rfd8 19. Nf3 Nd6 20. Qxc5 Rac8 21. Qa3 Bxf3 22. gxf3 Qg5 23. Qb3 Nc4 24. Rc1 Nd2 25. Qd1 Qg2 26. Rxc8 Qxh1+ 27. Ke2 Qxf3+ 0-1

[Event "Oberliga Ost-B 1516"]
[Site "Germany"]
[Date "2016.04.09"]
[Round "10.3"]
[White "Friedrich, Wiede"]
[Black "Koch, Markus"]
[Result "1-0"]
[WhiteElo "2249"]
[BlackElo "2170"]
[PlyCount "71"]
[EventDate "2015.09.20"]
[EventType "team-tourn"]
[EventRounds "11"]
[EventCountry "GER"]
[SourceTitle "EXT 2017"]
[Source "ChessBase"]
[SourceDate "2016.10.25"]
[SourceVersion "1"]
[SourceVersionDate "2016.10.25"]
[SourceQuality "1"]
[WhiteTeam "Erfurt Empor"]
[BlackTeam "Frankfurt BvK"]
[WhiteTeamCountry "GER"]
[BlackTeamCountry "GER"]

1. e4 d5 2. exd5 Qxd5 3. Nf3 Bg4 4. Nc3 Qe6+ 5. Qe2 Qxe2+ 6. Bxe2 Nc6 7. h3 Bh5 8. g4 Bg6 9. Bb5 0-0-0 10. Bxc6 bxc6 11. Ne5 Rd6 12. d4 f6 13. Nxg6 hxg6 14. Be3 Nh6 15. Ne4 Rd8 16. 0-0-0 e6 17. c3 Be7 18. Rde1 Nf7 19. Kc2 Rh7 20. f4 Rdh8 21. Nf2 Bd6 22. c4 e5 23. dxe5 fxe5 24. fxe5 Nxe5 25. c5 Bf8 26. Bf4 Nd7 27. b4 Nf6 28. Bg5 Nd5 29. Nd3 Kb7 30. h4 Nf6 31. Ne5 Nd5 32. Nd3 Nf6 33. Ne5 Nd5 34. Nxg6 Nxb4+ 35. Kc3 Bxc5 36. Rb1 1-0

[Event "Oberliga Ost-B 1516"]
[Site "Germany"]
[Date "2016.02.21"]
[Round "8.3"]
[White "Gulich, Christian"]
[Black "Koch, Markus"]
[Result "0-1"]
[WhiteElo "2063"]
[BlackElo "2170"]
[PlyCount "54"]
[EventDate "2015.09.20"]
[EventType "team-tourn"]
[EventRounds "11"]
[EventCountry "GER"]
[SourceTitle "EXT 2017"]
[Source "ChessBase"]
[SourceDate "2016.10.25"]
[SourceVersion "1"]
[SourceVersionDate "2016.10.25"]
[SourceQuality "1"]
[WhiteTeam "Weimar"]
[BlackTeam "Frankfurt BvK"]
[WhiteTeamCountry "GER"]
[BlackTeamCountry "GER"]

1. e4 d5 2. exd5 Qxd5 3. Nc3 Qd6 4. Bc4 Nf6 5. h3 a6 6. a4 Qc6 7. Be2 e5 8. Nf3 Nbd7 9. d4 Bd6 10. Bb5 axb5 11. axb5 Qxf3 12. Qxf3 Rxa1 13. 0-0 0-0 14. Be3 Rxf1+ 15. Kxf1 Re8 16. Qd1 h6 17. b3 b6 18. Ne2 Nd5 19. Bc1 exd4 20. Qxd4 N7f6 21. c4 Bc5 22. Qd1 Nb4 23. Ng3 Bb7 24. f3 Bc8 25. Bb2 Bd6 26. Kf2 Rd8 27. Qe2 Nd3+ 0-1

[Event "Oberliga Ost-B 1516"]
[Site "Germany"]
[Date "2016.02.20"]
[Round "9.4"]
[White "Koch, Markus"]
[Black "Heiling, Thomas"]
[Result "1-0"]
[WhiteElo "2170"]
[BlackElo "2255"]
[PlyCount "63"]
[EventDate "2015.09.20"]
[EventType "team-tourn"]
[EventRounds "11"]
[EventCountry "GER"]
[SourceTitle "EXT 2017"]
[Source "ChessBase"]
[SourceDate "2016.10.25"]
[SourceVersion "1"]
[SourceVersionDate "2016.10.25"]
[SourceQuality "1"]
[WhiteTeam "Frankfurt BvK"]
[BlackTeam "Marburg"]
[WhiteTeamCountry "GER"]
[BlackTeamCountry "GER"]

1. d4 Nf6 2. c4 c5 3. d5 b5 4. cxb5 a6 5. f3 e6 6. e4 exd5 7. e5 Qe7 8. Qe2 Ng8 9. Nc3 Bb7 10. Nh3 c4 11. Nf4 Qc5 12. Nfxd5 Bxd5 13. Be3 Qb4 14. a3 Qa5 15. Bd2 Be6 16. Nd5 c3 17. Bxc3 Qd8 18. Qe4 Bxd5 19. Qxd5 Ra7 20. Bc4 Nh6 21. 0-0 axb5 22. Bxb5 Na6 23. Rad1 Bc5+ 24. Kh1 Qe7 25. b4 Bb6 26. Qd6 Qe6 27. g4 Bd8 28. Qd4 Bb6 29. Qe4 Bc7 30. Bxd7+ Qxd7 31. Rxd7 Kxd7 32. e6+ 1-0

[Event "Forchheim op-A 14th"]
[Site "Forchheim"]
[Date "2015.10.04"]
[Round "4"]
[White "Koch, Markus"]
[Black "Martin Fernandez, Rodrigo"]
[Result "1-0"]
[WhiteElo "2170"]
[BlackElo "2137"]
[PlyCount "115"]
[EventDate "2015.10.02"]
[EventType "swiss"]
[EventRounds "5"]
[EventCountry "GER"]
[SourceTitle "EXT 2019"]
[Source "ChessBase"]
[SourceDate "2018.10.10"]
[SourceVersion "1"]
[SourceVersionDate "2018.10.10"]
[SourceQuality "1"]

1. d4 Nf6 2. c4 e6 3. Nc3 Bb4 4. Qc2 0-0 5. a3 Bxc3+ 6. Qxc3 b6 7. Bg5 Bb7 8. Nf3 d6 9. e3 Nbd7 10. Bd3 Qe8 11. 0-0 Ne4 12. Bxe4 Bxe4 13. Nd2 Bb7 14. f3 f5 15. b4 Qg6 16. Bh4 Nf6 17. Rae1 Rae8 18. Bxf6 Qxf6 19. c5 e5 20. dxe5 dxe5 21. a4 Rd8 22. Nc4 Rfe8 23. Rd1 Rxd1 24. Rxd1 Qe6 25. b5 Bd5 26. Nxe5 Bb3 27. Rb1 Ba2 28. Rb2 Qxe5 29. Qxe5 Rxe5 30. cxb6 cxb6 31. Rxa2 Rxe3 32. Kf2 Re7 33. Kg3 Kf7 34. Kf4 Kf6 35. h4 Rc7 36. g4 Rc4+ 37. Kg3 f4+ 38. Kf2 Rb4 39. Ke2 Ke5 40. Ra3 Rb2+ 41. Kd3 Kd5 42. a5 Rf2 43. axb6 axb6 44. Ra7 Rxf3+ 45. Ke2 Re3+ 46. Kf2 g6 47. Rxh7 Rg3 48. g5 Kc5 49. Rh6 Kxb5 50. Rxg6 Kc5 51. h5 Rh3 52. h6 f3 53. Rf6 b5 54. Rxf3 Rh5 55. Rg3 b4 56. g6 b3 57. Rxb3 Rxh6 58. g7 1-0